| 000 | 00578nam a22001937a 4500 | ||
|---|---|---|---|
| 005 | 20251108164855.0 | ||
| 008 | 250721s1994 xx 000 0 ara d | ||
| 082 | 1 | 4 | _a816.9565/هزا |
| 100 | 1 | _aالهزايمه، صابر خطار | |
| 245 | 1 | 0 |
_aرسائل إلى عصفورة القلب : _bمن دفتر العشق و الوطن / |
| 264 |
_bالمؤلف، _c1994. |
||
| 300 | _a65ص. | ||
| 650 | 1 | 7 | _aالرسائل العربية |
| 650 | 1 | 7 | _aالأردن |
| 650 | 1 | 7 | _aالأدب العربي |
| 650 | 1 | 7 | _aالرسائل |
| 942 |
_2ddc _cBK |
||
| 999 |
_c16397 _d16397 |
||